| 000 | 00781nam a22002415i 4500 | ||
|---|---|---|---|
| 001 | 169232 | ||
| 003 | ES-MaACL | ||
| 005 | 20251009185055.0 | ||
| 008 | 080825s2008 sp |||| | spa d | ||
| 020 | _a978-84-7522-686-6 | ||
| 080 | _a821.111(72)-14"19" | ||
| 100 | 1 |
_aGinsberg, Allen, _d1926-1997 _eaut _9241540 |
|
| 245 | 1 | 0 |
_aOda plutoniana _b: poemas 1977-1980 / _cAllen Ginsberg ; trad. de Antonio Resines. |
| 260 |
_aMadrid : _bVisor Libros, _c[2008] |
||
| 300 |
_a211 p. ; _c20 cm. |
||
| 490 | 1 |
_aColección Visor de poesía ; _v672 |
|
| 655 | 7 |
_2tgfbne _9176539 _aPoesías |
|
| 700 | 0 |
_aResines, Antonio, _d1949- _996328 |
|
| 830 | 0 |
_aColección Visor de poesía _v672 _9177331 |
|
| 852 |
_aES-MaACL _jL-29691 _9R.143489 |
||
| 942 | _2udc | ||
| 999 |
_c169232 _d169232 |
||